Toxicology
Αποθηκεύτηκε σε:
| Άλλοι συγγραφείς: | |
|---|---|
| Μορφή: | Βιβλίο |
| Γλώσσα: | English |
| Δημοσίευση: |
San Diego :
Academic Press,
1999
|
| Θέματα: | |
| Ετικέτες: |
Προσθήκη ετικέτας
Δεν υπάρχουν, Καταχωρήστε ετικέτα πρώτοι!
|
MARC
| LEADER | 00000nam a2200000 i 4500 | ||
|---|---|---|---|
| 001 | 1/90767 | ||
| 008 | 080709s1999 eng d | ||
| 020 | |a 0-12-473270-4 | ||
| 035 | |l 10098835 | ||
| 040 | |a GR-MY-UA |b gre |e aacr | ||
| 041 | 0 | |a eng | |
| 082 | 0 | |a 615.9 |2 (22) | |
| 245 | 1 | 0 | |a Toxicology / |c edited by Hans Marqyardt ...[κ.ά] |
| 260 | |a San Diego : |b Academic Press, |c 1999 | ||
| 300 | |a xxiii, 1330 σ.; |b σχ., πίν., διαγρ.; |c 29 εκ. | ||
| 504 | |a Περιέχει βιβλιογραφικές αναφορές | ||
| 504 | |a Ευρετήριο: σ. 1231-1330 | ||
| 650 | 0 | 0 | |a Toxicology. |
| 700 | 1 | |a Marquardt, Hans |d 1938- |4 edt | |
| 852 | |a INST |b LESVOS |e 20080709 |h 615.9 ΤΟΧ |p 005100042705 |q 005100042705 |t BK |y 0 | ||
| 901 | |a BIBL1-2008-2 | ||
| 909 | |a Λ |b 143371 | ||
| 922 | |a 1ΕΛΗ |b 200712 |c ΕΠΕΑΕΚ2/ΤΠ |d ΕΛΕΥΘΕΡΟΥΔΑΚΗΣ | ||
| 970 | |a ΧΑΤΖΗΜΙΧΑΗΛ |b ΜΑΡΙΑ |z 2008/07/09 | ||